Antropología de la conducta

Gespeichert in:
Bibliographische Detailangaben
1. Verfasser: Oñativia, Oscar V. (autor)
Format: Buch
Sprache:Spanisch
Veröffentlicht: Buenos Aires Guadalupe 1978
Schriftenreihe:Biblioteca Pedagogica. Sección problemática de la educación, 44
Schlagworte:
Tags: Tag hinzufügen
Keine Tags, Fügen Sie den ersten Tag hinzu!

MARC

LEADER 00000nam a2200000 a 4500
001 UCW3885
003 CL-VaPUC
008 890518e19780000AG |||||||||||||||||spa|d
082 0 4 |a 150.194  |b OÑA  |2 21 
100 |a Oñativia, Oscar V.  |e autor  |9 339815 
245 1 0 |a Antropología de la conducta 
300 |a 277 p 
942 |c BK 
945 |d 19890518 00:00:00 
260 |a Buenos Aires  |b Guadalupe  |c 1978 
650 7 |a CONDUCTA PSICOLOGIA  |2 CL-VaPUC  |9 307702 
583 |a last modification  |c 19890518 00:00:00  |k Rodrigo Vera 
490 0 |a Biblioteca Pedagogica. Sección problemática de la educación, 44 
999 |c 217750  |d 217748 
952 |0 0  |1 0  |4 0  |6 150_194000000000000_OÑA_1978  |7 0  |8 A  |9 205935  |a BIBEDU  |b BIBEDU  |d 2019-11-15  |i 2738872  |o 150.194 OÑA 1978  |p 2738872  |r 2019-11-15  |w 2019-11-15  |y BK  |k EDU